000 00639nam a2200253Ia 4500
003 OSt
005 20221005052908.0
006 a|||||r|||| 00| 0
007 ta
008 221004b |||||||| |||| 00| 0 eng d
020 _a0571151744
024 _a35387
037 _cTextual
040 _aCRL
_cCRL
_beng
041 _2eng
_aeng
082 _aO111,1N22w, N3
100 _aLarkin Philip
245 0 _aWriter's life
260 _aLondon
_bFaber and Faber
_c1993
300 _a570p.
_ccm.
650 _aENGLISH LITERATURE
942 _hO111,1N22w, N3
_cTEXL
_2cc
999 _c961125
_d961125